[Event "FRA-ch U08"]
[Site "Aix les Bains"]
[Date "2006.??.??"]
[Round "2"]
[White "Noireaut, Hung"]
[Black "Fleurquin, Bryan"]
[Result "0-1"]
[WhiteElo "1760"]
[BlackElo "1520"]
[PlyCount "78"]
[EventDate "2006.04.16"]
[EventType "swiss"]
[EventRounds "9"]
[EventCountry "FRA"]
[SourceTitle "EXT 2007"]
[Source "ChessBase"]
[SourceDate "2006.11.23"]
[SourceVersion "1"]
[SourceVersionDate "2006.11.23"]
[SourceQuality "1"]

1. e4 e5 2. Nf3 Nc6 3. Bb5 Bd6 4. d3 h6 5. Nc3 a6 6. Ba4 Nf6 7. 0-0 0-0 8. Be3 Re8 9. Qd2 Ng4 10. h3 Nxe3 11. Qxe3 Bb4 12. Ne2 Ba5 13. Ng3 Nb4 14. c3 Nc6 15. d4 exd4 16. cxd4 Bb6 17. Qd3 d6 18. Rfd1 Bd7 19. Rac1 Nxd4 20. Bxd7 Nxf3+ 21. Qxf3 Qxd7 22. Nf5 Qe6 23. Qg3 Qg6 24. Qh4 Qg5 25. Qxg5 hxg5 26. Ng3 Rac8 27. Kf1 g6 28. f3 Be3 29. Rc3 Bf4 30. Ne2 Be5 31. Rc2 Kg7 32. Rdc1 Rb8 33. Rxc7 Bxb2 34. R1c2 Be5 35. Rd7 Red8 36. Re7 Rbc8 37. Rb2 Bxb2 38. Rxb7 Be5 39. g3 Rc2 0-1